| 000 -LEADER |
| fixed length control field |
06459nam a22006617a 4500 |
| 001 - CONTROL NUMBER |
| control field |
1096283151 |
| 003 - CONTROL NUMBER IDENTIFIER |
| control field |
OCoLC |
| 005 - DATE AND TIME OF LATEST TRANSACTION |
| control field |
20210419063623.0 |
| 006 - FIXED-LENGTH DATA ELEMENTS--ADDITIONAL MATERIAL CHARACTERISTICS |
| fixed length control field |
m o d |
| 007 - PHYSICAL DESCRIPTION FIXED FIELD--GENERAL INFORMATION |
| fixed length control field |
cr ||||||||||| |
| 008 - FIXED-LENGTH DATA ELEMENTS--GENERAL INFORMATION |
| fixed length control field |
190410t20202020paua ob 000 0 eng d |
| 020 ## - INTERNATIONAL STANDARD BOOK NUMBER |
| International Standard Book Number |
9780323568883 |
| Qualifying information |
electronic book |
| 020 ## - INTERNATIONAL STANDARD BOOK NUMBER |
| International Standard Book Number |
0323568882 |
| Qualifying information |
electronic book |
| 020 ## - INTERNATIONAL STANDARD BOOK NUMBER |
| Canceled/invalid ISBN |
9780323529501 |
| Qualifying information |
hardcover |
| 020 ## - INTERNATIONAL STANDARD BOOK NUMBER |
| Canceled/invalid ISBN |
032352950X |
| Qualifying information |
hardcover |
| 020 ## - INTERNATIONAL STANDARD BOOK NUMBER |
| Canceled/invalid ISBN |
9780323568906 |
| Qualifying information |
international edition |
| 020 ## - INTERNATIONAL STANDARD BOOK NUMBER |
| Canceled/invalid ISBN |
0323568904 |
| Qualifying information |
international edition |
| 035 ## - SYSTEM CONTROL NUMBER |
| System control number |
(OCoLC)1096283151 |
| 040 ## - CATALOGING SOURCE |
| Original cataloging agency |
MMU |
| Language of cataloging |
eng |
| Description conventions |
rda |
| Transcribing agency |
MMU |
| Modifying agency |
OCLCO |
| -- |
USU |
| 049 ## - LOCAL HOLDINGS (OCLC) |
| Holding library |
YYEA |
| -- |
VZYM |
| 080 ## - UNIVERSAL DECIMAL CLASSIFICATION NUMBER |
| Universal Decimal Classification number |
616-053.2 |
| Item number |
N-37 |
| 099 ## - LOCAL FREE-TEXT CALL NUMBER (OCLC) |
| Classification number |
INTERNET LINK |
| 100 ## - MAIN ENTRY--PERSONAL NAME |
| 9 (RLIN) |
139 |
| Personal name |
Kliegman, M. Robert |
| 245 00 - TITLE STATEMENT |
| Title |
Nelson textbook of pediatrics Volume 1 |
| Medium |
[electronic resource] / |
| Statement of responsibility, etc. |
[edited by] Robert M. Kliegman, Joseph W. St Geme, Nathan J. Blum, Samir S. Shah, Robert C. Tasker, Karen M. Wilson ; editor emeritus Richard E. Behrman. |
| 246 30 - VARYING FORM OF TITLE |
| Title proper/short title |
Textbook of pediatrics. |
| 250 ## - EDITION STATEMENT |
| Edition statement |
21st ed. |
| 260 ## - PUBLICATION, DISTRIBUTION, ETC. |
| Place of publication, distribution, etc. |
Philadelphia, PA : |
| Name of publisher, distributor, etc. |
Elsevier Inc., |
| Date of publication, distribution, etc. |
[2020] |
| 260 ## - PUBLICATION, DISTRIBUTION, ETC. |
| Date of publication, distribution, etc. |
©2020. |
| 300 ## - PHYSICAL DESCRIPTION |
| Extent |
1 online resource 1900 p. index 140 p. both volumes pages 3827 |
| Other physical details |
illustrations (chiefly color) |
| 365 ## - TRADE PRICE |
| Price amount |
150.99 usd |
| 500 ## - GENERAL NOTE |
| General note |
Revised edition of: Nelson textbook of pediatrics / [edited by] Robert M. Kliegman, Bonita F. Stanton, Joseph W. St Geme III, Nina F. Schor. 20th edition. [2016] |
| 500 ## - GENERAL NOTE |
| General note |
EINSTEIN & MMC: available online via Clinical Key. See Reference staff for assistance. |
| 500 ## - GENERAL NOTE |
| General note |
EINSTEIN contributors: David L. Goldman, John M. Greally, Morri Markowitz, Megan E. McCabe, Elaine E. Schulte. |
| 504 ## - BIBLIOGRAPHY, ETC. NOTE |
| Bibliography, etc. note |
Includes bibliographical references. |
| 505 0# - FORMATTED CONTENTS NOTE |
| Formatted contents note |
The field of pediatrics -- Growth, development, and behavior -- Behavioral and psychiatric disorders -- Learning and developmental disorders -- Fluid and electrolyte disorders -- Pediatric drug therapy -- Emergency medicine and critical care -- Human genetics -- Metabolic disorders -- The fetus and the neonatal infant -- Adolescent medicine -- Immunology. Section 1: Evalution of the immune system -- Section 2: The T-, B-, and NK-cell systems -- Section 3: The phagocytic system -- The complement system -- Hematopoietic sten cell transplantation -- Allergic disorders -- Rheumatic disease of childhood (connective tissue disease, collagen vascular diseases) -- Infectious diseases. Section 1: General considerations -- Section 2: Preventive measures -- Section 3: Antibiotic therapy -- Section 4: Gram-positive bacterial infections -- Section 5: Gram-negative bacterial infections -- Section 6: Anaerobic bacterial infections -- Section 7: Mycobacterial infections -- Section 8: Spirochetal infections -- Section 9: Mycoplasmal infections -- Section 10: Chlamydial infections -- Section 11: Rickettsial infections -- Section 12: Fungal infections -- Section 13: Viral infections -- Section 14: Antiparasitic therapy -- Section 15: Protozoan diseases -- Section 16: Helminthic diseases -- The digestive system. Section 1: Clinical manifestations of gastrointestinal disease -- Section 2: The oral cavity -- Section 3: The esophagus -- Section 4: Stomach and intestines -- Section 5: Exocrine pancreas -- Section 6: The liver and biliary system -- Section 7: Peritoneum -- The respiratory system. Section 1: Development and function -- Section 2: Disorders of the respiratory tract -- The cardiovascular system. Section 1: Developmental biology of the cardiovascular system -- Section 2: Evaluation of the cardiovascular system and the child with a heart murmur -- Section 3: Congenital heart disease -- Section 4: Cardiac arrhythmias -- Section 5: Acquired heart disease -- Section 6: Diseases of the myocardium and pericardium -- Section 7: Cardiac therapies -- Section 8: Diseases of the peripheral vascular system -- Diseases of the blood. Section 1: The hematopoetic system -- Section 3: Anemias of inadequate production -- Section 4: Hemolytic anemias -- Section 5: Polycythemia (erythrocytosis) -- Section 5: The pancytopenias -- Section 6: Blood component transfusions -- Section 7: Hemorrhagic and thrombotic diseases -- Section 8: The spleen -- Section 9: The lymphatic system -- Cancer and benign tumors -- Nephrology. Section 1: Glomerular disease -- Section 2: Conditions particularly associated with hematuria -- Section 3: Conditions particularly associated with proteinuria -- Section 4: Tubular disorders -- Urologic disorders in infants and children -- Gynecologic problems of childhood -- The endocrine system. Section 1: Disorders of the hypothalamus and pituitary gland -- Section 2: Disorders of the thyroid gland -- Section 3: Disorders of the parathyroid gland -- Section 4: Disorders of the adrenal gland -- Section 5: Disorders of the gonads -- Section 6: Diabetes mellitus in children -- The nervous system -- Neuromuscular disorders -- Disorders of the eye -- The ear -- The skin -- Bone and joint disorders. Section 1: Orthopedic problems -- Section 2: Sports medicine -- Section 3: The skeletal dysplasias -- Rehabilitation medicine -- Environmental health -- Laboratory medicine -- |
| 588 ## - SOURCE OF DESCRIPTION NOTE |
| Source of description note |
Description based on online resource; title from electronic title page (ClinicalKey, April 10, 2019). |
| 650 12 - SUBJECT ADDED ENTRY--TOPICAL TERM |
| Topical term or geographic name entry element |
Pediatrics. |
| 650 10 - SUBJECT ADDED ENTRY--TOPICAL TERM |
| Topical term or geographic name entry element |
Medicine |
| 9 (RLIN) |
69 |
| 653 ## - INDEX TERM--UNCONTROLLED |
| Uncontrolled term |
პედიატრია |
| 653 ## - INDEX TERM--UNCONTROLLED |
| Uncontrolled term |
მედიცინა |
| 655 #7 - INDEX TERM--GENRE/FORM |
| Genre/form data or focus term |
Electronic books. |
| 700 1# - ADDED ENTRY--PERSONAL NAME |
| Personal name |
Kliegman, Robert. |
| 700 1# - ADDED ENTRY--PERSONAL NAME |
| Personal name |
Stanton, Bonita. |
| 700 1# - ADDED ENTRY--PERSONAL NAME |
| Personal name |
St. Geme, Joseph W., |
| Titles and other words associated with a name |
III. |
| 700 1# - ADDED ENTRY--PERSONAL NAME |
| Personal name |
Schor, Nina Felice. |
| 700 1# - ADDED ENTRY--PERSONAL NAME |
| Personal name |
Behrman, Richard E., |
| Dates associated with a name |
1931- |
| 700 1# - ADDED ENTRY--PERSONAL NAME |
| Personal name |
Goldman, David L. |
| 700 1# - ADDED ENTRY--PERSONAL NAME |
| Personal name |
Greally, John M. |
| 700 1# - ADDED ENTRY--PERSONAL NAME |
| Personal name |
Markowitz, Morri E. |
| 700 1# - ADDED ENTRY--PERSONAL NAME |
| Personal name |
McCabe, Megan E. |
| 700 1# - ADDED ENTRY--PERSONAL NAME |
| Personal name |
Schulte, Elaine E. |
| 700 1# - ADDED ENTRY--PERSONAL NAME |
| Relationship information |
Preceded by: |
| Personal name |
Nelson, Waldo E. |
| Fuller form of name |
(Waldo Emerson), |
| Dates associated with a name |
1898-1997. |
| Title of a work |
Textbook of pediatrics. |
| 710 2# - ADDED ENTRY--CORPORATE NAME |
| Corporate name or jurisdiction name as entry element |
Clinical Key (Online Service) |
| 776 08 - ADDITIONAL PHYSICAL FORM ENTRY |
| Relationship information |
Print version: |
| Title |
Nelson textbook of pediatrics. |
| Edition |
Edition 21. |
| Place, publisher, and date of publication |
Philadelphia, PA : Elsevier, [2020] |
| International Standard Book Number |
9780323529501 |
| Record control number |
(DLC) 2018952009 |
| -- |
(OCoLC)1080546185. |
| 856 41 - ELECTRONIC LOCATION AND ACCESS |
| Materials specified |
ClinicalKey |
| Uniform Resource Identifier |
<a href="https://www.clinicalkey.com/#!/dura/browse/bookChapter/3-s2.0-C20161017121 ">https://www.clinicalkey.com/#!/dura/browse/bookChapter/3-s2.0-C20161017121 </a> |
| Public note |
MMC: Clinical Key ebook collection |
| 856 40 - ELECTRONIC LOCATION AND ACCESS |
| Materials specified |
ClinicalKey |
| Uniform Resource Identifier |
<a href="https://elibrary.einsteinmed.org/login?url=https://www.clinicalkey.com/#!/dura/browse/bookChapter/3-s2.0-C20161017121 ">https://elibrary.einsteinmed.org/login?url=https://www.clinicalkey.com/#!/dura/browse/bookChapter/3-s2.0-C20161017121 </a> |
| Public note |
EINSTEIN: Clinical Key ebook collection |
| 942 ## - ADDED ENTRY ELEMENTS (KOHA) |
| Source of classification or shelving scheme |
|
| Koha item type |
Books |
| Edition |
21 |